| 000 | 00562nam a2200193Ia 4500 | ||
|---|---|---|---|
| 003 | OSt | ||
| 005 | 20201006132330.0 | ||
| 008 | 190216s9999||||xx |||||||||||||| ||und|| | ||
| 020 | _a0074602225 | ||
| 040 | _coclc | ||
| 082 |
_a004.16 _bMAT/I |
||
| 100 |
_aMathur, Aditya P _95359 |
||
| 245 | 0 |
_aIntroduction To Microprocessors / _cAditya P Mathur |
|
| 250 | _a3rd Ed. | ||
| 260 |
_bTata Mcgraw Hill Publishing Company Ltd, _c1992. _aNew Delhi: |
||
| 300 | _a612p | ||
| 650 | _aComputer | ||
| 942 |
_cBK _2ddc _h004.16 _iMAT/I _k004.16 _mMAT/I |
||
| 999 |
_c8425 _d8425 |
||